[Event "Titled Tuesday intern op 19th Dec Early"]
[Site "Chess.com INT"]
[Date "2023.12.19"]
[Round "3"]
[White "Vila Dupla, Aurelio"]
[Black "Cansun, Can Alp"]
[Result "0-1"]
[WhiteElo "2030"]
[BlackElo "2130"]
[PlyCount "68"]
[EventDate "2023.12.19"]
[EventType "swiss (blitz)"]
[EventRounds "11"]
[EventCountry "USA"]
[SourceTitle "CB52_2023"]
[SourceDate "2023.12.27"]
[SourceVersion "1"]
[SourceVersionDate "2023.12.27"]
[SourceQuality "1"]

1. Nf3 c5 2. c4 Nc6 3. Nc3 g6 4. e3 e6 5. d4 cxd4 6. Nxd4 Bg7 7. Ndb5 Nge7 8. Nd6+ Kf8 9. Be2 b6 10. 0-0 Nf5 11. Ncb5 Ba6 12. Bf3 Rb8 13. a4 Be5 14. g3 Nxd6 15. Nxd6 Qe7 16. Nb5 Kg7 17. Bg2 Rhd8 18. Rb1 d5 19. cxd5 exd5 20. Re1 Bxb5 21. axb5 Nb4 22. Qb3 Qc5 23. Bd2 a5 24. bxa6 Nxa6 25. Rbc1 Qd6 26. Red1 Qe6 27. Bc3 Nc5 28. Qb5 Qf6 29. Rd2 Bxc3 30. Rxc3 Ne4 31. Bxe4 dxe4 32. Rxd8 Rxd8 33. Qf1 Qf3 34. Rb3 Rd1 0-1

[Event "TUR-chT 1st League"]
[Site "Denizli"]
[Date "2023.07.11"]
[Round "4.52"]
[White "Kuzubov, Yuriy"]
[Black "Cansun, Can Alp"]
[Result "1-0"]
[WhiteElo "2628"]
[BlackElo "2131"]
[PlyCount "51"]
[EventDate "2023.07.09"]
[EventType "team-swiss"]
[EventRounds "9"]
[EventCountry "TUR"]
[SourceTitle "CBM 215 Extra"]
[Source "ChessBase"]
[SourceDate "2023.09.30"]
[SourceVersion "1"]
[SourceVersionDate "2023.09.30"]
[SourceQuality "1"]
[WhiteTeam "Besiktas Jimnastik"]
[BlackTeam "Bursa Deneyim"]
[WhiteTeamCountry "TUR"]
[BlackTeamCountry "TUR"]

1. d4 d5 2. c4 e6 3. Nf3 Nf6 4. Nc3 Be7 5. cxd5 exd5 6. Bf4 c6 7. e3 Bf5 8. Nh4 Be6 9. Bd3 Ne4 10. Nf3 f5 11. Qb3 Qb6 12. Qc2 Nd7 13. 0-0 0-0 14. Ne5 Nxe5 15. dxe5 Bf6 16. Na4 Qd8 17. f3 Nd6 18. Nc5 Bc8 19. e4 Be7 20. exd5 cxd5 21. Rfe1 b6 22. Na4 Bb7 23. Nc3 Qc8 24. Qe2 g6 25. Nb5 Nxb5 26. Bxb5 1-0

[Event "Wch U20 58th"]
[Site "New Delhi"]
[Date "2019.10.17"]
[Round "4"]
[White "Vykouk, Jan"]
[Black "Cansun, Can Alp"]
[Result "1-0"]
[WhiteElo "2468"]
[BlackElo "2199"]
[PlyCount "101"]
[EventDate "2019.10.15"]
[EventType "swiss"]
[EventRounds "11"]
[EventCountry "IND"]
[SourceTitle "CBM 192 Extra"]
[Source "Chessbase"]
[SourceDate "2019.11.06"]
[SourceVersion "1"]
[SourceVersionDate "2019.11.06"]
[SourceQuality "1"]

1. e4 c5 2. Nf3 e6 3. d4 cxd4 4. Nxd4 a6 5. Bd3 Nf6 6. 0-0 Qc7 7. Qe2 d6 8. f4 Nbd7 9. c4 Be7 10. Nc3 b6 11. Bd2 Bb7 12. b4 0-0 13. a3 Rfe8 14. Nf3 a5 15. Rae1 axb4 16. axb4 d5 17. cxd5 exd5 18. e5 Bxb4 19. Nb5 Bc5+ 20. Be3 Qb8 21. Bxc5 Nxc5 22. Nd6 Qxd6 23. exd6 Rxe2 24. Bxe2 Rd8 25. Bb5 Nfe4 26. Nd4 Rxd6 27. Ra1 h5 28. Ra7 Kh7 29. Be2 Kg6 30. Ra3 Bc8 31. f5+ Kh6 32. Ra8 Rd8 33. Rb1 Kg5 34. g3 Nd7 35. h4+ Kh6 36. Ba6 Nd6 37. Nb5 Nxf5 38. Rxc8 Rf8 39. Kf2 g5 40. hxg5+ Kxg5 41. Rxf8 Nxf8 42. Nc3 h4 43. gxh4+ Nxh4 44. Nxd5 Ne6 45. Rxb6 Ng6 46. Bc8 Nd4 47. Ke3 Nf5+ 48. Bxf5 Kxf5 49. Rb5 Ne5 50. Nf4 f6 51. Nd3 1-0

[Event "TUR-chT"]
[Site "Konya"]
[Date "2019.07.21"]
[Round "5.5"]
[White "Cansun, Can Alp"]
[Black "Tarlabasi, Emirhan"]
[Result "1/2-1/2"]
[WhiteElo "2121"]
[BlackElo "2352"]
[PlyCount "118"]
[EventDate "2019.07.17"]
[EventType "team-tourn"]
[EventRounds "13"]
[EventCountry "TUR"]
[SourceTitle "CBM 191 Extra"]
[Source "ChessBase"]
[SourceDate "2019.09.30"]
[SourceVersion "1"]
[SourceVersionDate "2019.09.30"]
[SourceQuality "1"]
[WhiteTeam "Bursa Buyuksehir"]
[BlackTeam "Tas Duvar"]
[WhiteTeamCountry "TUR"]
[BlackTeamCountry "TUR"]

1. e4 e6 2. d4 d5 3. Nd2 Be7 4. g3 c5 5. exd5 Qxd5 6. Ngf3 cxd4 7. Bg2 Nc6 8. 0-0 Bf6 9. Re1 Qd8 10. Ne4 Be7 11. Bf4 f6 12. c3 dxc3 13. Qe2 e5 14. Rad1 Qa5 15. Nxc3 Bg4 16. h3 Bh5 17. g4 Bf7 18. Nxe5 Nxe5 19. Bxe5 fxe5 20. Bxb7 Rd8 21. Bc6+ Kf8 22. Qf3 Nf6 23. Rxd8+ Bxd8 24. g5 e4 25. Qg2 Nh5 26. h4 g6 27. Qxe4 Bxg5 28. hxg5 Qxg5+ 29. Kf1 Nf6 30. Qe7+ Kg7 31. Nd5 Qh4 32. Ne3 Qh3+ 33. Bg2 Qd7 34. Qxd7 Nxd7 35. Nd5 Re8 36. Rc1 Nf6 37. Rc7 Rd8 38. Nxf6 Kxf6 39. Rxa7 h5 40. b4 Rd2 41. a4 Rb2 42. b5 Bc4+ 43. Kg1 g5 44. Rc7 Be2 45. Rc6+ Kf5 46. b6 Ba6 47. a5 Rb5 48. b7 Bxb7 49. Rb6 Rxb6 50. axb6 Ba6 51. b7 Bxb7 52. Bxb7 Kf4 53. Kg2 g4 54. Kf1 h4 55. Kg2 Kg5 56. Bc8 Kf4 57. Bb7 Kg5 58. Ba6 Kf4 59. Bb7 Ke5 1/2-1/2

[Event "World School-ch U17"]
[Site "Antalya"]
[Date "2019.04.23"]
[Round "6"]
[White "Ozdemir, Serhan Berat"]
[Black "Cansun, Can Alp"]
[Result "0-1"]
[WhiteElo "1978"]
[BlackElo "2093"]
[PlyCount "83"]
[EventDate "2019.04.18"]
[EventType "swiss"]
[EventRounds "9"]
[EventCountry "TUR"]
[SourceTitle "CBM 190 Extra"]
[Source "ChessBase"]
[SourceDate "2019.07.15"]
[SourceVersion "1"]
[SourceVersionDate "2019.07.15"]
[SourceQuality "1"]

1. e4 c6 2. d4 d5 3. Nc3 dxe4 4. Nxe4 g6 5. Nf3 Bg7 6. Bc4 Nh6 7. Bf4 0-0 8. Qd2 Nf5 9. 0-0-0 a5 10. g4 Nd6 11. Nxd6 exd6 12. Rdg1 b5 13. Be2 Na6 14. h4 Nc7 15. h5 Ne6 16. Bh6 Bxh6 17. Qxh6 Ra7 18. Qe3 Rc7 19. g5 Re8 20. Qd2 a4 21. Nh2 Nxg5 22. hxg6 fxg6 23. Rxg5 Rxe2 24. Rxg6+ hxg6 25. Qxe2 Qg5+ 26. Qe3 Qxe3+ 27. fxe3 Rh7 28. Rg1 Rxh2 29. Rxg6+ Kh7 30. Rxd6 Rh6 31. Rd8 Bf5 32. b3 a3 33. Ra8 b4 34. Ra7+ Kg6 35. Re7 Rh1+ 36. Kd2 Rh2+ 37. Kd1 Bxc2+ 38. Kc1 Bd3 39. Re6+ Kf7 40. Rxc6 Rxa2 41. Rb6 Rc2+ 42. Kd1 0-1

[Event "World School-ch U17"]
[Site "Antalya"]
[Date "2019.04.22"]
[Round "5"]
[White "Cansun, Can Alp"]
[Black "Gulbeyaz, Emir"]
[Result "1/2-1/2"]
[WhiteElo "2093"]
[BlackElo "2241"]
[PlyCount "95"]
[EventDate "2019.04.18"]
[EventType "swiss"]
[EventRounds "9"]
[EventCountry "TUR"]
[SourceTitle "CBM 190 Extra"]
[Source "ChessBase"]
[SourceDate "2019.07.15"]
[SourceVersion "1"]
[SourceVersionDate "2019.07.15"]
[SourceQuality "1"]

1. e4 c5 2. Nf3 e6 3. d4 cxd4 4. Nxd4 a6 5. Nc3 b5 6. Bd3 Qb6 7. Be3 Bc5 8. Be2 Bb7 9. a4 Nf6 10. axb5 axb5 11. Rxa8 Bxa8 12. 0-0 Nxe4 13. Ncxb5 Nc6 14. c3 0-0 15. Qc2 f5 16. b4 Bxd4 17. Nxd4 Qc7 18. f3 Nf6 19. Nxc6 Bxc6 20. c4 Rb8 21. Qd2 d5 22. b5 Be8 23. b6 Qc6 24. Rc1 Qb7 25. Qb4 e5 26. cxd5 Nxd5 27. Bc4 Bf7 28. Qd6 Rc8 29. Bxd5 Rxc1+ 30. Bxc1 Bxd5 31. Ba3 Kf7 32. h4 h5 33. Kh2 e4 34. fxe4 Bxe4 35. Kg3 Qa8 36. Qc7+ Kg6 37. Bb2 Qb7 38. Qxb7 Bxb7 39. Kf2 Kf7 40. g3 Ke6 41. Bxg7 Kd7 42. Ke3 Bg2 43. Be5 Kc6 44. Bc7 Bh3 45. Kf4 Bg4 46. Kg5 Kb7 47. Kg6 Kc6 48. Kf6 1/2-1/2

[Event "World School-ch U17"]
[Site "Antalya"]
[Date "2019.04.20"]
[Round "3"]
[White "Abdilkhair, Abilmansur"]
[Black "Cansun, Can Alp"]
[Result "1-0"]
[WhiteElo "2143"]
[BlackElo "2093"]
[PlyCount "67"]
[EventDate "2019.04.18"]
[EventType "swiss"]
[EventRounds "9"]
[EventCountry "TUR"]
[SourceTitle "CBM 190 Extra"]
[Source "ChessBase"]
[SourceDate "2019.07.15"]
[SourceVersion "1"]
[SourceVersionDate "2019.07.15"]
[SourceQuality "1"]

1. d4 Nf6 2. Bg5 d5 3. Bxf6 gxf6 4. Nc3 e6 5. e4 dxe4 6. Nxe4 f5 7. Ng3 c5 8. Nf3 Nc6 9. Qd2 cxd4 10. Bb5 Qb6 11. Nxd4 Bd7 12. Bxc6 bxc6 13. 0-0 0-0-0 14. Nf3 h5 15. Rfd1 Be7 16. Ne5 Be8 17. Nc4 Qc7 18. Qe3 Rxd1+ 19. Rxd1 c5 20. Qc3 Rg8 21. Nxh5 Bc6 22. f3 Bd5 23. Kh1 Rg5 24. Ng3 Qf4 25. Qh8+ Kb7 26. Qe8 Qc7 27. Na5+ Ka6 28. c4 Qxa5 29. Qxe7 Rxg3 30. hxg3 Bc6 31. Rd3 Qe1+ 32. Kh2 Qb4 33. Ra3+ Ba4 34. Qd7 1-0

[Event "World School-ch U17"]
[Site "Antalya"]
[Date "2019.04.19"]
[Round "2"]
[White "Cansun, Can Alp"]
[Black "Babazada, Khazar Araz"]
[Result "1/2-1/2"]
[WhiteElo "2093"]
[BlackElo "2285"]
[PlyCount "58"]
[EventDate "2019.04.18"]
[EventType "swiss"]
[EventRounds "9"]
[EventCountry "TUR"]
[SourceTitle "CBM 190 Extra"]
[Source "ChessBase"]
[SourceDate "2019.07.15"]
[SourceVersion "1"]
[SourceVersionDate "2019.07.15"]
[SourceQuality "1"]

1. e4 Nf6 2. Nc3 d5 3. exd5 Nxd5 4. Bc4 e6 5. Nf3 Be7 6. 0-0 0-0 7. Re1 Nb6 8. Bb3 c5 9. d3 Nc6 10. a3 Nd5 11. Ne4 b6 12. Bg5 Bxg5 13. Nexg5 h6 14. Ne4 Bb7 15. d4 cxd4 16. Nxd4 Nxd4 17. Qxd4 Qh4 18. f3 Rad8 19. Qf2 Qe7 20. Rad1 Nf4 21. Qe3 e5 22. Rxd8 Rxd8 23. Ng3 Qg5 24. Qxe5 Rd2 25. Qb8+ Kh7 26. Bxf7 Nh3+ 27. Kh1 Nf2+ 28. Kg1 Nh3+ 29. Kh1 Nf2+ 1/2-1/2

[Event "Wch U20 57th"]
[Site "Manavgat"]
[Date "2018.09.15"]
[Round "11"]
[White "Tifferet, Shaked"]
[Black "Cansun, Can Alp"]
[Result "1/2-1/2"]
[WhiteElo "2299"]
[BlackElo "2110"]
[PlyCount "105"]
[EventDate "2018.09.05"]
[EventType "swiss"]
[EventRounds "11"]
[EventCountry "TUR"]
[SourceTitle "CBM 186 Extra"]
[Source "ChessBase"]
[SourceDate "2018.08.24"]
[SourceVersion "1"]
[SourceVersionDate "2018.08.24"]
[SourceQuality "1"]

1. e4 c5 2. Nf3 Nc6 3. d4 cxd4 4. Nxd4 e6 5. Nc3 Qc7 6. f4 a6 7. Be2 b5 8. Nxc6 dxc6 9. Be3 Bb7 10. 0-0 Nf6 11. e5 Rd8 12. Qe1 Nd5 13. Nxd5 cxd5 14. c3 Be7 15. a4 bxa4 16. Rxa4 Qc6 17. Qa1 Ra8 18. Qa2 0-0 19. Ra1 Bc5 20. Bxc5 Qxc5+ 21. Kh1 Qf2 22. Bf3 h6 23. Qb1 Rfb8 24. b4 Qe3 25. Qc1 Qxc1+ 26. Rxc1 Bc6 27. Raa1 Bb5 28. Kg1 Kf8 29. Kf2 Ke7 30. Be2 Rc8 31. Ra3 Kd7 32. Rca1 Rab8 33. Ke3 Bxe2 34. Kxe2 Rc4 35. g3 Rb6 36. Kd3 Rbc6 37. Rb1 f6 38. exf6 gxf6 39. b5 axb5 40. Rxb5 Kd6 41. Rb8 e5 42. Rh8 exf4 43. Rxh6 fxg3 44. Rxf6+ Ke5 45. Rxc6 Rxc6 46. hxg3 Rg6 47. Kc2 Rxg3 48. Ra4 Rg2+ 49. Kb3 Rd2 50. Rh4 Rd1 51. Kc2 Re1 52. Rd4 Re4 53. Rd2 1/2-1/2

[Event "Wch U20 57th"]
[Site "Manavgat"]
[Date "2018.09.14"]
[Round "10"]
[White "Cansun, Can Alp"]
[Black "Akdogan, Alperen"]
[Result "1-0"]
[WhiteElo "2110"]
[BlackElo "2278"]
[PlyCount "51"]
[EventDate "2018.09.05"]
[EventType "swiss"]
[EventRounds "11"]
[EventCountry "TUR"]
[SourceTitle "CBM 186 Extra"]
[Source "ChessBase"]
[SourceDate "2018.08.24"]
[SourceVersion "1"]
[SourceVersionDate "2018.08.24"]
[SourceQuality "1"]

1. e4 e5 2. Nf3 d6 3. d4 exd4 4. Nxd4 Nf6 5. Nc3 Be7 6. Be2 0-0 7. 0-0 Re8 8. f4 Bf8 9. Bf3 c5 10. Nde2 Nc6 11. h3 a6 12. Be3 Rb8 13. Qd2 Qc7 14. g4 b5 15. Rae1 b4 16. Nd5 Nxd5 17. exd5 Na7 18. f5 Be7 19. Ng3 Bh4 20. Bg5 Bxf5 21. Bxh4 Bg6 22. Nf5 Nb5 23. Rxe8+ Rxe8 24. Re1 Rf8 25. Qf4 c4 26. Nxg7 1-0

[Event "TUR-chT"]
[Site "Ankara"]
[Date "2018.08.02"]
[Round "9.4"]
[White "Cansun, Can Alp"]
[Black "Unat, Can Haktan"]
[Result "1-0"]
[WhiteElo "1894"]
[BlackElo "2047"]
[PlyCount "87"]
[EventDate "2018.07.25"]
[EventType "team-tourn"]
[EventRounds "13"]
[EventCountry "TUR"]
[SourceTitle "CBM 185 Extra"]
[Source "ChessBase"]
[SourceDate "2018.07.29"]
[SourceVersion "1"]
[SourceVersionDate "2018.07.29"]
[SourceQuality "1"]
[WhiteTeam "Bursa Buyuksehir"]
[BlackTeam "Darassufaka Spor"]
[WhiteTeamCountry "TUR"]
[BlackTeamCountry "TUR"]

1. e4 c5 2. Nf3 g6 3. d4 cxd4 4. Nxd4 Nc6 5. Nc3 Bg7 6. Nde2 Nf6 7. h3 d6 8. g3 Bd7 9. Bg2 Rc8 10. 0-0 0-0 11. Kh2 Na5 12. f4 b5 13. a3 Ne8 14. Qd3 Nc7 15. f5 Nc4 16. Rb1 a5 17. Nd4 Ne5 18. Qd1 b4 19. axb4 axb4 20. Nd5 Nb5 21. Bg5 f6 22. Be3 Nxd4 23. Bxd4 Rb8 24. Ra1 e6 25. Nf4 exf5 26. exf5 Bxf5 27. Bd5+ Kh8 28. g4 Bd7 29. Ra7 f5 30. g5 Re8 31. Qd2 Re7 32. Rfa1 Qf8 33. Qf2 Bc8 34. Qh4 Bb7 35. Rxb7 Rbxb7 36. Kh1 Qe8 37. Bxe5 Ra7 38. Rxa7 Rxa7 39. Bxg7+ Rxg7 40. Ne6 Rf7 41. Qd4+ Kg8 42. Nf4 Qe1+ 43. Kg2 Qc1 44. Qc4 1-0